[Event "3rd Gujarat GM Open 2022"]
[Site "Ahmedabad"]
[Date "2022.04.04"]
[Round "7.13"]
[White "Liyanage, Ranindu Dilshan"]
[Black "Savchenko, Boris"]
[Result "1/2-1/2"]
[WhiteElo "2340"]
[BlackElo "2535"]
[Annotator "TA"]
[PlyCount "108"]
[EventDate "2022.03.31"]
[EventType "swiss"]
[EventCountry "IND"]
[SourceTitle "playchess.com"]
[Source "ChessBase"]
[SourceQuality "1"]

{[%evp 20,108,56,61,66,49,55,61,61,8,8,9,10,2,2,4,119,129,103,103,108,102,95,58,169,125,313,185,187,176,456,485,477,473,459,309,308,320,315,321,321,210,241,237,237,215,231,231,429,418,416,311,1347,1333,1333,1247,1243,1150,1690,1575,1254,856,1021,966,1520,1329,655,197,176,0,0,0,0,0,0,0,0,0,0,0,0,0,0,0,0,0,29,0,0,0,47]} 1. e4 g6 2. d4 Bg7 3. Nc3 c5 4. d5 d6 5. f4 Nf6 6. Nf3 O-O 7. Bd3 Na6 {[%cal Bb8a6,Ba6c7,Bc7e6,Be6d4][%mdl 32]} 8. O-O Rb8 9. Qe2 Nc7 10. a4 {[%cal Ba2a4,Ba4a5][%mdl 32]} a6 11. a5 $1 Bg4 {B09: Pirc Defence: Austrian Attack.} 12. Be3 e6 13. dxe6 {[#]} Nxe6 $146 {[%cal Oe6d4] White is slightly better.} ({Predecessor:} 13... fxe6 14. h3 Bxf3 15. Rxf3 Nd7 16. Na4 Qe7 17. Raf1 Rf7 18. b3 Re8 19. c3 Ref8 {0-1 (35) Borst,J (1862)-Evans,G (2137) IECG email 1998}) 14. Bc4 (14. f5 $14 gxf5 15. exf5) 14... Nxe4 $11 15. Nxe4 {Black must now prevent Qd2.} d5 16. Rad1 Nd4 $1 17. Nxd4 (17. Bxd4 cxd4 18. Ned2 dxc4 19. Nxc4 Qc7 $17) 17... Bxe2 (17... Qc8 $1 $11 18. Nf3 (18. Bxd5 cxd4 19. Rf3 dxe3 $17) 18... dxe4) 18. Nxe2 $16 Qxa5 19. Bxd5 (19. Rxd5 $6 b5 20. Rxc5 Qb4 $11) 19... Bxb2 20. f5 $1 {c3 is the strong threat.} (20. Nxc5 $6 Rfc8 21. Nd7 (21. Nxb7 Qb5 $17) 21... Rxc2 22. Nxb8 Rxe2 $15) 20... Rbe8 {[%cal Oc5c4]} 21. N2g3 {[%mdl 1024] White has strong compensation. 0x0.0028da77436cdp-1022s more active pieces.} (21. Bxb7 $2 Qb5 22. fxg6 hxg6 $19) 21... b6 (21... c4 $14) 22. c4 Kh8 $2 (22... b5 $16 {was necessary.}) 23. Bd2 (23. Bh6 $142) 23... Qa4 $18 24. f6 Re5 $2 (24... b5) 25. Bh6 $1 {A strong pair of Bishops.} Kg8 26. Bxf8 Kxf8 27. Nd6 {And now Kh1 would win.} Bd4+ 28. Kh1 Qd7 29. Nge4 Rh5 30. Nxf7 {Strongly threatening Nfg5.} ({Not} 30. Bxf7 Qg4 31. Rxd4 cxd4 $14) 30... Qg4 {[%cal Oh5h2] [#] Against Nfg5. ( -> ...Rxh2+!)} (30... Rxd5 $2 31. cxd5 Qxf7 32. Ng5 Qxd5 33. Nxh7+ Kg8 34. f7+ Qxf7 35. Rxf7 $18) 31. Nfg5 $1 {[%mdl 512]} Rxg5 32. Nxg5 {Dancing on a razor blade.} Qxg5 {[#]} 33. f7 Be5 $2 (33... Bc3 34. Rd3 Qe5) 34. Rde1 b5 35. Rf2 Bd6 $2 (35... Qh4 $2 {[#]} 36. Rxe5 $1 Qxf2 37. Re8+ Kg7 38. Rg8+ Kh6 39. f8=Q+ $18) (35... b4 36. g3 b3) 36. Re8+ Kg7 37. f8=Q+ Bxf8 38. Rexf8 a5 39. R8f7+ Kh6 40. R7f3 Qe5 41. h4 a4 42. g4 bxc4 43. Bxc4 $2 (43. g5+ Kh5 44. Bxc4) 43... Qe4 44. g5+ $2 (44. Be2 $18) 44... Kg7 $1 $11 45. Ba2 {White wants to mate with Kg1.} Qxh4+ 46. Rh2 Qe4 47. Rhf2 {aiming for Kg1.} c4 48. Kg2 Qd5 49. Kf1 Qd1+ 50. Kg2 {White threatens Rf7+ and mate.} Qd5 {Inhibits Rf7+.} 51. Kf1 Qxg5 52. Rf7+ Kg8 53. Rf8+ (53. R2f4 $5 {[%cal Ra2c4]} Qe5 54. Bxc4 $11 (54. Rf8+ Kg7 $11)) 53... Kg7 54. R8f7+ Kg8 {Blacks defense is rewarded with a draw.  Weighted Error Value: White=0.34/Black=0.27 (precise)} 1/2-1/2

[Event "3rd Gujarat GM Open 2022"]
[Site "Ahmedabad"]
[Date "2022.04.04"]
[Round "7.14"]
[White "Aaryan Varshney"]
[Black "Venkatesh, M.R."]
[Result "0-1"]
[WhiteElo "2277"]
[BlackElo "2493"]
[Annotator "TA"]
[PlyCount "130"]
[EventDate "2022.03.31"]
[EventType "swiss"]
[EventCountry "IND"]
[SourceTitle "playchess.com"]
[Source "ChessBase"]
[SourceQuality "1"]

{[%evp 17,130,60,47,19,38,38,51,14,70,38,59,14,7,0,0,0,0,-47,-16,-32,-33,-37,-35,-41,-19,-19,-14,-36,0,-22,0,0,-9,-53,-46,-61,-66,-57,-45,-78,-60,-58,-46,-46,-44,-215,-215,-252,-262,-253,-259,-259,-262,-310,-68,-134,-97,-225,-225,-262,-225,-437,-419,-729,-698,-602,-356,-291,-327,-468,-442,-382,-264,-422,-428,-839,-839,-835,-832,-817,-817,-784,-707,-777,0,-717,0,-721,-706,-666,-653,-1152,-1131,-1079,-1028,-1237,-1213,-1065,-1025,-29974,-29975,-29981,-29982,-29985,-29983,-29984,-29985,-29985,-29986,-29987,-29988,-29988,-29989,-29989,-29990]} 1. d4 {[%cal Bd2d4,Bd4e5][%mdl 32]} Nf6 2. c4 e5 3. dxe5 Ng4 4. Bf4 g5 5. Bg3 Bg7 6. Nf3 Nc6 7. Nc3 Ngxe5 8. Nxe5 Nxe5 9. e3 d6 10. Rc1 {10.h4 is setting a new trend. A52: Budapest Gambit.} Be6 11. Be2 Qd7 (11... Nxc4 12. Bxc4 Bxc4 13. Qa4+ b5 14. Nxb5 Bxb5 15. Qxb5+ Qd7 16. Qxg5 $16) 12. b3 {[#] White is slightly better.} (12. c5 {looks sharper.} O-O-O 13. cxd6 Qxd6 14. Qxd6 Rxd6 15. Nb5) 12... a6 $146 (12... O-O-O $11) ({Predecessor:} 12... O-O-O 13. h4 g4 14. Nb5 a6 15. Nd4 h5 16. Nxe6 Qxe6 17. Qd5 Qe7 18. c5 c6 19. cxd6 Qxd6 20. Qxd6 Rxd6 {1-0 (37) Sieciechowicz,M (2306)-Mazurkiewicz,M (2215) Trzcianka 2019}) 13. O-O h5 14. Bxe5 (14. Ne4 {feels hotter.} Qe7 15. f4 gxf4 16. Bxf4 O-O-O 17. Bg5) 14... dxe5 15. Qxd7+ (15. Bxh5 $2 g4 16. Qxd7+ Kxd7 17. Bxg4 Bxg4 $19) 15... Bxd7 16. Rfd1 O-O-O 17. Nd5 (17. c5 $11 {is more appropriate.}) 17... Be6 18. e4 c6 19. Nb6+ Kc7 20. c5 Rd4 21. Rxd4 exd4 22. Bc4 Re8 23. f3 g4 24. Bxe6 Rxe6 $11 {[%mdl 4096] Endgame KRB-KRN} 25. Nc4 d3 {Threatens to win with ...Bd4+.} 26. Rd1 Bd4+ 27. Kf1 gxf3 28. gxf3 {[#]} Rg6 $1 {[%csl Gd4][%cal Rg6g1]} (28... Bxc5 $6 29. Rxd3 Rg6 30. Ne3 $11) 29. Rxd3 Rg1+ 30. Ke2 Bxc5 31. e5 $2 (31. Ne3 $15) 31... Rg2+ $19 32. Kf1 Rf2+ ({Not} 32... Rxh2 $2 33. Nd6 $17) 33. Ke1 Rxh2 ({And not} 33... Rxa2 34. Nd6 $17) 34. Nd6 h4 {[%cal Bh5h4,Bh4h3,Bh3h2][%mdl 32] And now ...h3 would win.} ({Stronger than} 34... Rxa2 35. Nxf7 Bb4+ 36. Kd1 $17) 35. Ne4 Bb6 (35... Bb4+ $19 36. Kf1 h3) 36. f4 ({Better is} 36. Rd6 $1 $15) 36... Rg2 37. Nf6 (37. Ng5 $17) 37... Rxa2 38. Rd7+ Kb8 {[#] ...h3 is the strong threat.} 39. Rxf7 $2 (39. Rd3) 39... h3 40. e6 (40. Ng4 $142 Rg2 41. e6) 40... h2 {[%cal Rh2h1]} 41. Rh7 {Strongly threatening e7.} Bd8 42. Nd7+ Kc7 43. Kf1 (43. Ne5+ $142 Be7 44. Kf1) 43... Kd6 44. f5 Ra5 45. Kg2 (45. f6 $142 Kxe6 46. Kg2) 45... Rxf5 46. Nb8 (46. e7 $142 Bxe7 47. Nb6) 46... Be7 47. Rxh2 Kxe6 48. Rh6+ Rf6 49. Rh3 Bc5 50. Rh7 Be7 51. Rh3 $1 Rf5 52. Rh6+ $1 Bf6 53. Rh7 Rb5 54. Nd7 Be7 55. Nb8 Rxb3 56. Rh6+ Bf6 {White must now prevent ...a5.} 57. Rh7 a5 {aiming for ...a4.} 58. Rh5 a4 {Black mates.} 59. Ra5 a3 60. Ra8 Be5 61. Kf2 Rb2+ 62. Ke3 a2 63. Ke4 Rb4+ 64. Ke3 a1=Q 65. Rxa1 Bxa1 {Weighted Error Value: White=0.48/Black=0.46} 0-1

[Event "3rd Gujarat GM Open 2022"]
[Site "Ahmedabad"]
[Date "2022.04.04"]
[Round "7.15"]
[White "De Silva, L M S T"]
[Black "Huerga Leache, Mikel"]
[Result "1/2-1/2"]
[WhiteElo "2220"]
[BlackElo "2470"]
[Annotator "RC"]
[PlyCount "80"]
[EventDate "2022.03.31"]
[EventType "swiss"]
[EventCountry "IND"]
[SourceTitle "playchess.com"]
[Source "ChessBase"]
[SourceQuality "1"]
[TimeControl "5400+30"]

1. e4 {[%emt 0:00:03]} c5 {[%emt 0:11:21]} 2. Nf3 {[%emt 0:00:06]} Nc6 {[%emt 0:00:04]} 3. Bb5 {[%emt 0:00:04]} e5 {[%emt 0:00:05]} 4. O-O {[%emt 0:01:05]} Bd6 {[%emt 0:00:07]} 5. c3 {[%emt 0:00:48]} a6 {[%emt 0:00:26]} 6. Ba4 {[%emt 0:02:44]} b5 {[%emt 0:00:13]} 7. Bc2 {[%emt 0:00:07]} Nge7 {[%emt 0:00:11]} 8. h3 {[%emt 0:05:45]} O-O {[%emt 0:04:16]} 9. d4 {[%emt 0:03:29]} cxd4 {[%emt 0:00:10]} 10. cxd4 {[%emt 0:00:07]} exd4 {[%emt 0:02:32]} 11. Nxd4 {[%emt 0:00:48]} Nxd4 {[%emt 0:00:44]} 12. Qxd4 {[%emt 0:00:03]} Qc7 {[%emt 0:01:23]} 13. Qd1 {[%emt 0:02:48]} Bb7 {[%emt 0:00:44]} 14. Nc3 {[%emt 0:00:31]} Rac8 {[%emt 0:02:55]} 15. a3 {[%emt 0:05:44]} Bh2+ {[%emt 0:08:14]} 16. Kh1 {[%emt 0:00:02]} Be5 {[%emt 0:00:08]} 17. Bd2 {[%emt 0:06:26]} d5 {[%emt 0:01:57]} 18. Rc1 {[%emt 0:08:17]} Bxc3 {[%emt 0:04:46]} 19. Bxc3 {[%emt 0:00:41]} dxe4 {[%emt 0:00:20]} 20. Qg4 {[%emt 0:05:07]} Ng6 {[%emt 0:12:56]} 21. Bxe4 {[%emt 0:04:28]} f5 {[%emt 0:05:34]} 22. Bxf5 {[%emt 0:00:10]} Bxg2+ {[%emt 0:01:21]} 23. Kg1 {[%emt 0:03:44]} Bxf1 {[%emt 0:03:02]} 24. Bxc8 {[%emt 0:06:19]} Rxc8 {[%emt 0:12:32]} 25. Qe6+ {[%emt 0:00:22]} Kh8 {[%emt 0:00:02]} 26. Bxg7+ {[%emt 0:03:49]} Kxg7 {[%emt 0:00:01]} 27. Rxc7+ {[%emt 0:00:36]} Rxc7 {[%emt 0:00:01]} 28. Qd6 {[%emt 0:00:01]} Rc1 {[%emt 0:01:42]} 29. Qd7+ {[%emt 0:00:31]} Kf8 {[%emt 0:02:22]} 30. Qd8+ {[%emt 0:02:28]} Kf7 {[%emt 0:00:01]} 31. Qd5+ {[%emt 0:00:21]} Kf6 {[%emt 0:03:22]} 32. Qd4+ {[%emt 0:01:49]} Kf5 {[%emt 0:01:21]} 33. Qg4+ {[%emt 0:00:20]} Kf6 {[%emt 0:00:07]} 34. Qd4+ {[%emt 0:00:16]} Kf7 {[%emt 0:01:16]} 35. Qd5+ {[%emt 0:00:26]} Ke8 {[%emt 0:04:42]} 36. Qe4+ {[%emt 0:03:16]} Kf8 {[%emt 0:00:51]} 37. Qa8+ {[%emt 0:03:07]} Kg7 {[%emt 0:03:26]} 38. Qa7+ {[%emt 0:00:12]} Kg8 {[%emt 0:00:35]} 39. Qa8+ {[%emt 0:00:16]} Kg7 {[%emt 0:02:45]} 40. Qa7+ {[%emt 0:00:07]} Kf6 {[%emt 0:02:25]} 1/2-1/2

[Event "3rd Gujarat GM Open 2022"]
[Site "Ahmedabad"]
[Date "2022.04.04"]
[Round "7.16"]
[White "Suvrajit, Saha"]
[Black "Neelash Saha"]
[Result "0-1"]
[WhiteElo "2198"]
[BlackElo "2445"]
[Annotator "TA"]
[PlyCount "106"]
[EventDate "2022.03.31"]
[EventType "swiss"]
[EventCountry "IND"]
[SourceTitle "playchess.com"]
[Source "ChessBase"]
[SourceQuality "1"]

{[%evp 12,106,14,16,21,19,0,0,14,6,4,0,7,-58,-42,-22,12,26,12,0,0,0,41,50,52,46,41,58,52,54,46,45,79,54,76,72,80,81,75,66,74,51,53,35,52,35,73,19,43,30,42,22,43,4,50,15,33,25,27,31,32,-9,-19,-8,-8,-8,-9,-36,-32,-40,-34,-103,-113,-112,-110,-154,-138,-204,-196,-216,-211,-211,-230,-208,-176,-260,-260,-651,-651,-645,-634,-637,-608,-550,-572,-562,-525]} 1. d4 d5 2. Nf3 Nf6 3. c4 e6 4. Nc3 Be7 5. e3 Nbd7 6. Bd3 dxc4 7. Bxc4 a6 {D37: Queen's Gambit Declined: 5 Bf4.} 8. a4 {Prevents b5.} c5 9. O-O Qc7 {The position is equal.} 10. Ba2 O-O {[%cal Ob7b5]} 11. Bd2 b6 12. Rc1 ({White should try} 12. d5 $11) 12... Bb7 $15 13. Qe2 {[#]} Ne4 $146 ({Predecessor:} 13... Ng4 14. d5 exd5 15. Nxd5 Bxd5 16. Bxd5 Rad8 17. Bc4 Nde5 18. Nxe5 Qxe5 19. f4 Qxb2 {½-½ (36) Ikeda,V (1862)-Lazzarotto,M (2035) Florianopolis 2015}) 14. Nxe4 Bxe4 15. b4 Qc6 16. bxc5 Qxa4 17. Ra1 {[%cal Oa2e6]} Qc6 18. cxb6 Qxb6 19. Bb1 f5 20. Ba5 Qb5 21. Qd2 Kh8 22. Rc1 Ra7 23. Ne1 Bd6 24. f3 Nf6 25. Bd3 Qb8 26. g3 ({Much weaker is} 26. fxe4 Bxh2+ 27. Kh1 fxe4 $15) 26... Bd5 27. Rcb1 Rb7 28. Rxb7 Bxb7 29. Qe2 ({White should play} 29. Rb1 $16) 29... Qa7 (29... g5 {feels hotter.} 30. Rb1 g4 31. Qb2 Bd5) 30. Bd2 {[%cal Rd3a6]} Nd5 {[%cal Of5f4]} 31. Ra4 {[%cal Rd3a6]} ({But not} 31. Bxa6 $2 Nc7 32. Bxb7 Qxa1 $19) 31... Nc7 32. Ba5 Ra8 (32... Nd5 $11 {is more appropriate.}) 33. Qb2 Nd5 34. e4 Bc6 35. Rc4 ({Don't play} 35. exd5 Bxa4 36. dxe6 f4 $17) 35... Ne7 36. e5 Bxe5 {aiming for ...Bb5.} 37. Bb6 Qb7 38. dxe5 {Strongly threatening Bd4.} Rb8 39. Bd4 {Hoping for Qxb7.} (39. Rc5 $5) 39... Qxb2 40. Bxb2 Rxb2 41. Rd4 (41. Rc5 $15) 41... Bd5 $1 $17 42. Bxa6 Nc6 {[%csl LRd4,LRe5]} 43. Rd1 Nxe5 {&Nero is more active.} 44. Bf1 (44. Kf1 $17 {keeps fighting.}) 44... g5 $19 45. Bg2 Nc4 46. Rc1 {[#]} Ne3 $1 47. Bh1 Rd2 48. Ng2 {[#]} (48. f4 {was necessary.}) 48... Nc2 $1 49. f4 $2 (49. Ne1 Nd4 50. Rc8+ Kg7 51. Rc7+ Kg6 52. Bg2) 49... Nd4 {...Ne2+ is the strong threat. Black is clearly winning.} 50. Rc8+ Kg7 51. Rc7+ Kg6 52. Ne3 Ne2+ 53. Kf1 Bxh1 {Weighted Error Value: White=0.25 (precise) /Black=0.08 (flawless)} 0-1

[Event "3rd Gujarat GM Open 2022"]
[Site "Ahmedabad"]
[Date "2022.04.04"]
[Round "7.17"]
[White "Shiva Pavan Teja Sharma U"]
[Black "Mehar, Chinna Reddy C.H."]
[Result "0-1"]
[WhiteElo "2022"]
[BlackElo "2422"]
[Annotator "TA"]
[PlyCount "114"]
[EventDate "2022.03.31"]
[EventType "swiss"]
[EventCountry "IND"]
[SourceTitle "playchess.com"]
[Source "ChessBase"]
[SourceQuality "1"]

{[%evp 9,114,34,26,13,24,12,32,-4,-4,-4,0,0,0,0,0,-20,0,0,0,-14,-16,-21,-18,-11,-12,-38,-25,-43,-36,-38,-25,-56,-49,-47,-43,-86,-74,-97,-58,-66,-46,-83,-62,-107,-110,-123,-72,-130,-121,-135,-115,-99,-106,-177,-144,-148,0,-83,-37,-185,-87,-87,-41,-96,-87,-87,-59,-74,0,-84,0,-164,-72,-93,-73,-310,-177,-145,-124,-144,-146,-617,-617,-615,-607,-637,-603,-602,0,-436,0,-592,-586,-802,-754,-759,-745,-1169,-1072,-1463,-1510,-1280,-1019,-29979,-29980,-29989,-29990]} 1. e4 d6 2. d4 e5 3. dxe5 dxe5 4. Qxd8+ Kxd8 5. Nf3 f6 6. Bc4 {B07: Pirc Defence: Miscellaneous Systems.} Bc5 7. Ke2 Ke7 8. Be3 {White is slightly better.} Bxe3 9. Kxe3 Nh6 {[%cal Bg8h6,Bh6f7,Bf7d6][%mdl 32]} 10. Nc3 c6 {[#]} 11. a4 $146 ({Predecessor:} 11. h3 Be6 12. Bxe6 Kxe6 13. Rhd1 Na6 14. Rd2 Rhd8 15. Rad1 Rxd2 16. Rxd2 Nf7 17. a3 Rd8 {½-½ (17) Babiy,O (2168)-Kalinin,O (2344) Kishinev 2007}) 11... a5 12. Nd2 Nd7 13. f3 Nb6 14. Bd3 Nf7 15. Rhb1 Nd6 16. b3 Be6 17. Ne2 Nd7 18. c3 Rhc8 19. Bc2 b5 20. Rb2 Nb6 21. axb5 cxb5 22. Bd3 a4 23. bxa4 Nxa4 24. Rbb1 Bd7 25. Ra3 Rc7 26. Rba1 Rac8 27. Nb1 g5 ({Better is} 27... Be6 28. f4 (28. Bxb5 $2 Nb2 $19) 28... Nc4+ 29. Bxc4 Bxc4 30. fxe5 fxe5) 28. h3 {[#]} (28. Ng3 $142) 28... h5 $1 $17 {&Nero is much more active.} 29. Rb3 g4 30. hxg4 hxg4 31. f4 (31. Rba3 $17 {was necessary.}) 31... Nc5 $19 32. Rb4 Na4 (32... Rd8 $17 33. Nd2 Be6) 33. Ra3 (33. Rb3 $1 $11) 33... Ra8 ({Black should play} 33... Kf7 $17) 34. Rbb3 (34. Ng3 $15) 34... Rca7 (34... Be6 $19 35. Rxb5 Nxb5 36. Bxb5 Rca7 37. Bxa4 Rxa4 38. Rxa4 Rxa4 39. fxe5 fxe5) 35. Rb4 $17 Rc8 (35... Ra6 $17) 36. Rbb3 (36. fxe5 $15 fxe5 37. Ng3) 36... Rh8 37. Rb4 Rc7 38. Nd2 Rhc8 {[%cal Ra4c3]} 39. Nb1 $1 Ra8 (39... Kf7 $17) 40. Rbb3 $1 $19 Be8 (40... Be6 $19 {is more deadly.} 41. Rxb5 Nxb5 42. Bxb5 Rca7) 41. Rb4 Rac8 42. Rbb3 $2 {[#]} (42. Ng3 $17 {keeps fighting.}) 42... Rd8 (42... Nc5 $142 {Threatens to win with ...Bf7.} 43. fxe5 fxe5) 43. Rb4 Nc5 $36 {[%mdl 2048] White is under strong pressure.} 44. fxe5 fxe5 45. Ra2 $2 {[%mdl 8192]} (45. Nc1 $17) 45... Nxd3 46. Kxd3 Nc4+ 47. Kc2 Ne3+ 48. Kb2 Nc4+ 49. Kc2 $1 Ne3+ 50. Kb2 $1 Nxg2 51. Ra6 Nf4 52. Nxf4 exf4 {[%cal Be5f4,Bf4f3][%mdl 32]} 53. e5 Rc4 54. Rxc4 bxc4 55. Rf6 f3 56. Rf4 Bh5 57. Kc1 g3 {Weighted Error Value: White=0.62/Black=0.37} 0-1

[Event "3rd Gujarat GM Open 2022"]
[Site "Ahmedabad"]
[Date "2022.04.04"]
[Round "7.18"]
[White "Shahil Dey"]
[Black "Ratnakaran, K.."]
[Result "1/2-1/2"]
[WhiteElo "2400"]
[BlackElo "2316"]
[Annotator "RC"]
[PlyCount "109"]
[EventDate "2022.03.31"]
[EventType "swiss"]
[EventCountry "IND"]
[SourceTitle "playchess.com"]
[Source "ChessBase"]
[SourceQuality "1"]
[TimeControl "5400+30"]

1. e4 {[%emt 0:00:02]} e6 {[%emt 0:01:38]} 2. d4 {[%emt 0:00:07]} d5 {[%emt 0:00:04]} 3. Nd2 {[%emt 0:00:06]} Nf6 {[%emt 0:00:04]} 4. e5 {[%emt 0:00:07]} Nfd7 {[%emt 0:00:03]} 5. f4 {[%emt 0:00:08]} c5 {[%emt 0:00:04]} 6. c3 {[%emt 0:00:06]} Nc6 {[%emt 0:00:22]} 7. Ndf3 {[%emt 0:00:06]} Qb6 {[%emt 0:01:38]} 8. a3 {[%emt 0:00:08]} c4 {[%emt 0:00:48]} 9. Ne2 {[%emt 0:01:54]} Be7 {[%emt 0:00:14]} 10. h4 {[%emt 0:05:25]} f6 {[%emt 0:00:29]} 11. g4 {[%emt 0:01:18]} fxe5 {[%emt 0:02:11]} 12. fxe5 {[%emt 0:00:17]} O-O {[%emt 0:05:09]} 13. Nf4 {[%emt 0:07:44]} Ndxe5 {[%emt 0:01:34]} 14. Nxe5 {[%emt 0:03:52]} Nxe5 {[%emt 0:01:00]} 15. dxe5 {[%emt 0:00:07]} Bc5 {[%emt 0:00:10]} 16. Qe2 {[%emt 0:16:10]} d4 {[%emt 0:02:12]} 17. Rh2 {[%emt 0:22:50]} Bd7 {[%emt 0:02:26]} 18. Qxc4 {[%emt 0:02:53]} dxc3 {[%emt 0:00:10]} 19. Bd3 {[%emt 0:00:34]} Bd4 {[%emt 0:02:39]} 20. Rb1 {[%emt 0:11:36]} cxb2 {[%emt 0:05:56]} 21. Bd2 {[%emt 0:00:07]} Rxf4 {[%emt 0:20:20]} 22. Bxf4 {[%emt 0:00:46]} Rc8 {[%emt 0:00:10]} 23. Qa2 {[%emt 0:02:32]} Bxe5 {[%emt 0:01:26]} 24. Rf2 {[%emt 0:06:02]} Bxf4 {[%emt 0:04:41]} 25. Qxb2 {[%emt 0:00:06]} Bg3 {[%emt 0:00:42]} 26. Qxb6 {[%emt 0:00:07]} axb6 {[%emt 0:00:08]} 27. Ke2 {[%emt 0:00:44]} Bxf2 {[%emt 0:00:11]} 28. Kxf2 {[%emt 0:00:02]} Rc3 {[%emt 0:00:31]} 29. Be4 {[%emt 0:00:08]} b5 {[%emt 0:01:23]} 30. Bxb7 {[%emt 0:01:14]} Kf7 {[%emt 0:00:50]} 31. Be4 {[%emt 0:00:44]} h6 {[%emt 0:00:47]} 32. Rd1 {[%emt 0:02:39]} Ke7 {[%emt 0:00:17]} 33. Rd3 {[%emt 0:00:33]} Rxd3 {[%emt 0:00:05]} 34. Bxd3 {[%emt 0:00:05]} g5 {[%emt 0:00:03]} 35. hxg5 {[%emt 0:00:09]} hxg5 {[%emt 0:00:02]} 36. Ke3 {[%emt 0:00:17]} Kd6 {[%emt 0:00:07]} 37. Be2 {[%emt 0:02:16]} Kc5 {[%emt 0:00:21]} 38. Ke4 {[%emt 0:00:12]} Kd6 {[%emt 0:00:23]} 39. Ke3 {[%emt 0:00:18]} Be8 {[%emt 0:01:28]} 40. Bf1 {[%emt 0:00:49]} Bc6 {[%emt 0:00:43]} 41. Bd3 {[%emt 0:00:45]} Kc5 {[%emt 0:00:13]} 42. Bf1 {[%emt 0:01:13]} Bd5 {[%emt 0:01:54]} 43. Be2 {[%emt 0:00:09]} e5 {[%emt 0:10:30]} 44. Bd1 {[%emt 0:00:41]} Kb6 {[%emt 0:01:00]} 45. Bc2 {[%emt 0:00:17]} Ka5 {[%emt 0:00:08]} 46. Bd1 {[%emt 0:15:05]} Bh1 {[%emt 0:02:58]} 47. Bc2 {[%emt 0:00:00]} Bg2 {[%emt 0:01:07]} 48. Kf2 {[%emt 0:00:00]} Bc6 {[%emt 0:01:09]} 49. Ke3 {[%emt 0:00:00]} Be8 {[%emt 0:02:32]} 50. Kf3 {[%emt 0:00:00]} Bd7 {[%emt 0:04:26]} 51. Bd1 {[%emt 0:00:00]} Bc6+ {[%emt 0:00:40]} 52. Ke3 {[%emt 0:00:00]} Bh1 {[%emt 0:01:10]} 53. Bc2 {[%emt 0:00:00]} e4 {[%emt 0:00:29]} 54. Bb3 {[%emt 0:00:00]} Bf3 {[%emt 0:00:13]} 55. Be6 {[%emt 0:00:00]} 1/2-1/2

[Event "3rd Gujarat GM Open 2022"]
[Site "Ahmedabad"]
[Date "2022.04.05"]
[Round "8.1"]
[White "Nigmatov, Ortik"]
[Black "Srihari L R"]
[Result "1/2-1/2"]
[WhiteElo "2445"]
[BlackElo "2400"]
[Annotator "TA"]
[PlyCount "118"]
[EventDate "2022.03.31"]
[EventType "swiss"]
[EventCountry "IND"]
[SourceTitle "playchess.com"]
[Source "ChessBase"]
[SourceQuality "1"]

{[%evp 13,118,14,16,21,58,4,4,0,11,15,15,13,9,18,13,25,16,7,14,22,22,4,19,4,2,0,0,0,0,0,0,0,0,0,0,-58,0,0,0,-45,0,0,0,0,0,-8,-8,-28,-7,-10,0,0,0,0,0,0,0,0,0,-12,-12,-40,0,0,0,0,0,0,0,-8,-9,-9,-9,-59,-56,-72,-64,-65,-73,-66,-66,-66,-66,-66,-66,-104,-69,-80,-72,-155,-145,-155,0,0,0,0,0,-8,-8,-8,-8,-8,8,-8,0,-8,54]} 1. e4 c6 {[%cal Bc7c6,Bc6c5][%mdl 32]} 2. d4 d5 3. e5 Bf5 4. Nf3 e6 5. Be2 c5 6. Be3 Qb6 7. Nc3 Nc6 ({Don't take} 7... Qxb2 8. Nb5 $16) 8. O-O {Threatens to win with dxc5. B12: Caro-Kann: Advance Variation.} Qxb2 9. Qe1 ({Better is} 9. Nb5 $14 Rc8 10. dxc5) 9... cxd4 $11 ({Resist} 9... Bxc2 10. dxc5 Bg6 11. a3 $16) 10. Bxd4 Nxd4 (10... Qxc2 $2 11. Rc1 Qb2 12. Nxd5 $1 {[%mdl 512]} Qxc1 13. Nc7+ Kd7 14. Qxc1 $18) (10... Bxc2 $2 11. Nb5 Nxd4 12. Nfxd4 $18) 11. Nxd4 Bb4 12. Rb1 Bxc3 {This bishop pair is nice.} 13. Rxb2 Bxe1 14. Rxe1 b6 15. h4 {Hoping for g4.} h5 {Prevents g4.} 16. Nxf5 exf5 {[#]} 17. Rd1 $146 ({Predecessor:} 17. c4 Ne7 18. Rd2 O-O-O 19. f4 dxc4 20. Rxd8+ Rxd8 21. Bxc4 Nd5 22. Rc1 Kb7 23. g3 {½-½ (31) Shirov,A (2704)-Harikrishna,P (2717) Berlin 2022}) 17... O-O-O 18. c4 dxc4 19. Rc1 Kb8 20. Bxc4 Rc8 21. Rbc2 Nh6 22. Ba6 {[%cal Rc2c8]} Rxc2 23. Rxc2 {[%mdl 4096] Endgame KRB-KRN} Ng4 24. Rd2 {Against Rd8} ({White should play} 24. f4 $11) 24... Kc7 (24... Nxe5 $15 25. f4 Ng6) 25. Rc2+ Kb8 26. Rd2 {Against Rd8} Kc7 27. Rc2+ Kd7 28. f4 Rd8 29. g3 Ke7 30. Rc7+ $1 Rd7 31. Rc1 g6 32. a4 $1 Kf8 33. Bb5 Re7 34. Rc8+ Kg7 35. Rc6 Ne3 36. Rd6 Rc7 37. Kf2 Ng4+ (37... Nc4 $5 {[%cal Rc4d6]} 38. Rf6 Na5 $15) 38. Ke2 Kf8 39. Rd8+ Kg7 40. Ra8 Re7 41. Bc4 Nf6 42. Bd3 Nd5 {...Nc3+ is the strong threat.} 43. Kf2 (43. Bb5 $11) 43... Nc3 $15 44. Bc2 Rd7 {White must now prevent ...Rd2+.} 45. Ke3 {Inhibits Rd2.} Nd5+ 46. Ke2 Rc7 47. Kd2 Nb4 48. Bb3 Na6 49. Bc2 Nc5 50. Ke3 f6 51. Kd4 (51. Re8 $142) 51... fxe5+ 52. fxe5 {[%cal Oa4a5] [#]} Ne6+ $2 (52... Rd7+ $1 $17 53. Kc3 Kf7) 53. Kd5 $11 {The position is equal.} Nc5 (53... Rxc2 $2 54. Kxe6 g5 55. Kxf5 gxh4 56. Rxa7+ Kf8 57. gxh4 $18) 54. a5 Kf7 (54... bxa5 $2 55. Kd6 Na6 56. Bd3 $18) 55. Bb1 Ke7 (55... bxa5 $2 56. Kd6 Rd7+ 57. Kxc5 $16) 56. Rh8 $1 ({Don't play} 56. axb6 axb6 57. Kd4 Rd7+ 58. Ke3 Rd5 59. Ra7+ Ke8 60. Ra8+ Kd7 61. Ra7+ Kc6 $17) 56... Ne6 {[%csl Gb6,Ge6][%cal Rc7c5]} 57. Rh7+ Kd8 58. Rh8+ Ke7 {[%csl Gb6,Ge6][%cal Rc7c5]} 59. Rh7+ Kd8 {Weighted Error Value: White=0.10 (very precise) /Black=0.08 (flawless)} (59... Ke8 $11 60. Rxc7 Nxc7+ 61. Kc6 Ne6 62. axb6 axb6) 1/2-1/2